| 000 | 00569ntaaa2200193 4500 | ||
|---|---|---|---|
| 003 | 01 | ||
| 005 | 20251027202042.0 | ||
| 008 | 0714s1973 ag 01 | ||
| 040 |
_aAR-BaBN _bspa _cAR-BaBN _eaacr _dRIC |
||
| 082 | _a251.0100 M13 | ||
| 100 |
_aMcCracken, Robert J _919107 |
||
| 245 | _aThe making of the sermon | ||
| 250 | _a1 ed. | ||
| 260 |
_aNew York : _bHarper and Brothers, _cn.f. |
||
| 300 | _a104 p | ||
| 500 | _aLectures delivered at Southern Baptist Theological Seminary, Louisville, Ky., U.S.A. | ||
| 650 | _ahomilética-preparación del sermón | ||
| 942 | _cBK | ||
| 999 |
_c15311 _d15311 |
||